| 000 | 00854nam a22002775a 4500 | ||
|---|---|---|---|
| 005 | 20161119111204.0 | ||
| 008 | 161031t2016 maua frb 001 0 eng d | ||
| 020 | _a9781305112582 | ||
| 020 | _a130511258x | ||
| 040 |
_aEG-ScBUE _beng _cEG-ScBUE _dEG-ScBUE |
||
| 082 | 0 | 4 |
_a621.4022 _bROL _222 |
| 100 | 1 | _aRolle, Kurt C. | |
| 245 | 1 | 0 |
_aHeat and mass transfer / _cKurt C. Rolle. |
| 250 |
_a2nd ed., SI ed. / _bKeith Mclver. |
||
| 260 |
_aBoston : _bCengage Learning, _cc.2016. |
||
| 300 |
_a1 v. (various pagings) : _bill. ; _c27 cm. |
||
| 500 | _aIncludes index. | ||
| 500 | _aIncludes Appendix. | ||
| 504 | _aIncludes bibliographical references. | ||
| 590 | _aSuzan Ashmawy ; revised by Fouad. | ||
| 650 | 7 |
_aMass transfer. _2BUEsh |
|
| 650 | 7 |
_aHeat _xTransmission. _2BUEsh |
|
| 651 | _2BUEsh | ||
| 653 |
_bENGCHE _cOctober2016 |
||
| 942 | _2ddc | ||
| 999 |
_c22942 _d22914 |
||